000 00719nam a2200253Ia 4500
003 OSt
005 20220924115809.0
006 a|||||r|||| 00| 0
007 ta
008 220923b |||||||| |||| 00| 0 pur d
020 _a818223333X (hbk)
024 _a286469
037 _cTextual
040 _aARTS
_cARTS
_bpur
041 _2pur
_apur
082 _aO164,3NAR1:gv, 168P7
100 _aArif Shamsa
_9179620
245 0 _aDaastan Naweesi
_b Ahmiyat aur ifadiyat
260 _aDelhi
_bEducational Publishing House India
_c2007
300 _a212p.
_ccm.
650 _aPERSIAN LITERATURE
_9309
942 _hO164,3NAR1:gv, 168P7
_cTEXL
_2CC
999 _c399927
_d399927